00313nam a2200121Ia 4500008004100000041000800041082001200049100001800061245004500079260002400124300003100148365001200179240624s9999 xx 000 0 und d aeng a330 LES aLESSEM RONNIE aINTEGRAL ECONOMICS RELEASING THE ECONOMI c2010aLondonbGower axxv, : 381 : p. : cm. ; 25 cBPSb27